The data warehouse toolkit : practical techniques for building dimensional data warehouses (Record no. 4343)

000 -LEADER
fixed length control field 00872 a2200205 4500
020 ## - INTERNATIONAL STANDARD BOOK NUMBER
International Standard Book Number 0471153370
040 ## - CATALOGING SOURCE
Original cataloging agency DLC
082 00 - DEWEY DECIMAL CLASSIFICATION NUMBER
Classification number 005.756
100 1# - MAIN ENTRY--PERSONAL NAME
Personal name Kimball, Ralph.
245 14 - TITLE STATEMENT
Title The data warehouse toolkit : practical techniques for building dimensional data warehouses
Statement of responsibility, etc. Ralph Kimball.
260 ## - PUBLICATION, DISTRIBUTION, ETC.
Place of publication, distribution, etc. New York :
Name of publisher, distributor, etc. John Wiley & Sons,
Date of publication, distribution, etc. c1996.
300 ## - PHYSICAL DESCRIPTION
Extent xxviii, 388 p. :
Other physical details ill. ;
Dimensions 24 cm. +
Accompanying material 1 computer laser optical disc (4 3/4 in.)
500 ## - GENERAL NOTE
General note Includes index.
650 #0 - SUBJECT ADDED ENTRY--TOPICAL TERM
Topical term or geographic name entry element Database design.
650 #0 - SUBJECT ADDED ENTRY--TOPICAL TERM
Topical term or geographic name entry element Data warehousing.
856 4# - ELECTRONIC LOCATION AND ACCESS
Materials specified Table of Contents only
Uniform Resource Identifier <a href="http://www.loc.gov/catdir/toc/onix02/95050557.html">http://www.loc.gov/catdir/toc/onix02/95050557.html</a>
856 4# - ELECTRONIC LOCATION AND ACCESS
Materials specified Contributor biographical information
Uniform Resource Identifier <a href="http://www.loc.gov/catdir/enhancements/fy0607/95050557-b.html">http://www.loc.gov/catdir/enhancements/fy0607/95050557-b.html</a>
856 4# - ELECTRONIC LOCATION AND ACCESS
Materials specified Publisher description
Uniform Resource Identifier <a href="http://www.loc.gov/catdir/enhancements/fy0607/95050557-d.html">http://www.loc.gov/catdir/enhancements/fy0607/95050557-d.html</a>
942 ## - ADDED ENTRY ELEMENTS (KOHA)
Koha item type Book
Call number prefix 658.4038 KIM
Source of classification or shelving scheme
Holdings
Withdrawn status Lost status Damaged status Not for loan Collection code Permanent Location Current Location Shelving location Date acquired Source of acquisition Total Checkouts Full call number Barcode Date last seen Price effective from Koha item type Cost, normal purchase price
          Central Library (CL) Central Library (CL) General Stacks 02/14/2002 Donation   658.4038 KIM SEECS001813 10/01/2024 01/05/2017 Book  
          Central Library (CL) Central Library (CL) General Stacks 04/04/2002 281.00   658.4038 KIM SEECS002010 11/14/2012 01/05/2017 Book 0.00
© 2023 Central Library, National University of Sciences and Technology. All Rights Reserved.